[Event "Calchess State Scholastics"]
[Site "Santa Clara"]
[Date "2004.03.20"]
[Round "1"]
[White "Li, Jeffrey"]
[Black "Rudiger, Dustin"]
[Result "0-1"]
[WhiteElo "905"]
[BlackElo "1369"]
[PlyCount "84"]
[EventDate "2004.03.20"]
[EventType "team"]
[EventRounds "6"]
[EventCountry "USA"]
[SourceTitle "EXT 2007"]
[Source "ChessBase"]
[SourceDate "2006.11.23"]
[SourceVersion "1"]
[SourceVersionDate "2006.11.23"]
[SourceQuality "1"]

1. e4 e6 2. Nf3 d5 3. e5 c5 4. Nc3 Nc6 5. Bb5 Bd7 6. 0-0 Nh6 7. d3 Nf5 8. Bg5 Qb6 9. a4 a6 10. Bxc6 Bxc6 11. b3 h6 12. Bd2 Be7 13. a5 Qc7 14. Na4 0-0-0 15. Nb6+ Kb8 16. c4 dxc4 17. bxc4 Rxd3 18. Qe2 Rdd8 19. g4 Bxf3 20. Qxf3 Nd4 21. Qd1 Qxe5 22. Re1 Qf6 23. Re3 Bd6 24. Kf1 Qh4 25. h3 f5 26. gxf5 exf5 27. Bc3 f4 28. Re4 Qxh3+ 29. Ke1 Qh1+ 30. Kd2 Qxe4 31. Bxd4 Qxd4+ 32. Ke2 f3+ 33. Kxf3 Qf6+ 34. Kg2 Qg6+ 35. Kf1 Be5 36. Qxd8+ Rxd8 37. Nd5 Bxa1 38. Nf4 Rd1+ 39. Ke2 Qc2+ 40. Kf3 Qc3+ 41. Kg4 Rg1+ 42. Kf5 Qe5# 0-1